000 00307nam a22001337a 4500
020 _a0-471-29607-4
082 _a531.12 GIN'S
100 _aGENIN, JOSEPH,GINSBERY, JERRY H
_973928
245 _aSTATICS
260 _aNEWYORK
_bJOHN WILEY
_c1977
300 _a439P
650 _aSTATICS
_91020
942 _cBK
999 _c579540
_d579540